000 00945nam a22002775i 4500
001 11988
003 ES-MaACL
005 20230906150220.0
007 t|
008 930331s1992 sp ||||0| spa j
020 _a84-00-07321-5
024 8 _aNIPO 179-92-056-0
040 _aM-BN
_bspa
_cM-BN
080 _a73 Olivieri, Giovanni Domenico
080 _a73.034.8/.9(460.27 M.)
100 1 _aTárraga Baldó, María Luisa.
_9109322
245 1 0 _aGiovan Domenico Olivieri y el taller de escultura del Palacio Real /
_cMaría Luisa Tárraga Baldó.
260 _aMadrid :
_bPatrimonio Nacional,
_c1992.
300 _a3 v :
_bil ;
_c29 cm.
500 _aIndices.
504 _aBibliografía: v. 3, p. 693-722.
505 8 _a1. Biografía -- 2. El taller y sus vicisitudes -- 3. Su obra
600 1 4 _aOlivieri, Giovanni Domenico.
_986897
650 1 4 _aEscultura-
_zMadrid-
_yS.XVIII.
_912422
852 _aES-MaACL
_jL-19283-85
_bR.122813
999 _c11988
_d11988